000
00287 a2200157 4500
001
172478
020
_a
040
_c
Magnum
100
_a
França, Mary
240
1
0
_a
O vento
_l
por
245
1
0
_a
O vento
362
0
_a
1899
440
1
_a
Ática
697
_a
I/GERAL
942
_c
BK
999
_c
172478
_d
172478